Successful customer relationship management programs and technologies : issues and trends /

This book offers case studies, methodologies, frameworks and architectures, and generally the cutting edge in research within the field of customer relationship management.

Bibliographic Details
Other Authors: Eid, Riyad
Format: Book
Language:English
Published: Hershey, Pa. : Business Science Reference, [2012]
Subjects:

MARC

Tag First Indicator Second Indicator Subfields
LEADER 00000cam a2200000 a 4500
001 in00002738113
005 20151202151839.0
008 120113s2012 pau b 001 0 eng
010 |a  2012001132 
020 |a 9781466602885 (hbk.) 
020 |a 1466602880 (hbk.) 
020 |a 9781466602892 (ebook) 
020 |a 1466602899 (ebook) 
020 |a 9781466602908 (print & perpetual access) 
020 |a 1466602902 (print & perpetual access) 
035 |a (OCoLC)ocn772774152 
040 |a DLC  |c DLC  |d UtOrBLW 
049 |a TXAM 
050 0 0 |a HF5415.5  |b .S83 2012 
082 0 0 |a 658.8/120285  |2 23 
245 0 0 |a Successful customer relationship management programs and technologies :  |b issues and trends /  |c [edited by] Riyad Eid. 
264 1 |a Hershey, Pa. :  |b Business Science Reference,  |c [2012] 
264 4 |c ©2012 
300 |a xx, 338 pages :  |b illustrations ;  |c 29 cm. 
336 |a text  |b txt  |2 rdacontent 
337 |a unmediated  |b n  |2 rdamedia 
338 |a volume  |b nc  |2 rdacarrier 
504 |a Includes bibliographical references (pages 286-324) and index. 
520 |a This book offers case studies, methodologies, frameworks and architectures, and generally the cutting edge in research within the field of customer relationship management. 
650 0 |a Customer relations  |x Management  |x Data processing. 
650 0 |a Customer relations  |x Management  |x Computer programs. 
700 1 |a Eid, Riyad. 
945 |a PromptCat  |b 802009 
946 |a west,stk 
947 |a A14840502552 
948 |a cataloged  |b h  |c 2012/3/23  |d c  |e dmitchel  |f 12:50:40 pm 
994 |a 92  |b TXA 
999 |a MARS 
999 f f |s e3005654-dc36-36ff-9e47-bdb796a05b7a  |i db43cd23-de12-35bb-b468-124fd4969468  |t 0 
952 f f |p ric  |a Texas A&M University  |b Rellis Campus  |c Joint Library Facility  |d Remote Storage  |t 0  |e HF5415.5 .S83 2012  |h Library of Congress classification  |i unmediated -- volume  |m A14840502552 
998 f f |a HF5415.5 .S83 2012  |t 0  |l Remote Storage